000 01070nam0a2200301 4500
001 RU\NLR\ONL2\7494
005 20260607052540.0
035 _a(NLR Aleph) 009655083
090 _a13288352
_c13288352
100 _a20071102d1964 |||y0rusy50 ca
101 0 _aaze
102 _aAZ
105 _aa |||||||||
200 1 _aЛенин Мавзолеjи
_fА. С. Абрамов
210 _aБакы
_cАзәрнәшр
_d1964
215 _a100 с., [1] в. шәк.
_cшәк.
_d20
541 1 _aМавзолей Ленина
_zrus
601 0 2 _aМавзолей В.И.Ленина
_91459936
_3RU\NLR\auth\66619311
686 1 _aА358.21
700 1 _8rus
_7ca
_aАбрамов
_bА. С.
_cисторик
_f1926-
_gАлексей Сергеевич
_3RU\NLR\auth\7729854
_912882
702 1 _4570
_7ca
_8rus
_aЛенин
_bВ. И.
_f1870-1924
_gВладимир Ильич
_9113579
_3RU\NLR\auth\773584
801 0 _aRU
_bNLR
_c20071102
_gPSBO
852 _aNLR
_bОНЛ
_jАзерб./2-12783
942 _cBOOK
980 _aONL_RF
980 _aNB